Do you know Canada? - Statistics

General Stats
  • This quiz has been taken 27 times
  • The average score is 6 of 10
Answer Stats
Questions Answer % Correct
What are the official languages of Canada? English and French
100%
What is the capital of Canada? Ottawa
100%
Which province produces the most maple syrup? Quebec
84%
What is the name of the national flag of Canada? The Maple Leaf
68%
What is the name of the national anthem of Canada? O Canada
64%
Which Canadian artist sang "Summer of '69"? Bryan Adams
56%
In which Canadian city was Justin Bieber born? London, Ontario
40%
Who is the head of state of Canada? King Charles III
36%
What is the tallest mountain peak in Canada? Mount Logan
24%
How many national parks are there in Canada? 37
20%
No matching quizzes found
Score Distribution
Percent of People with Each Score
Percentile by Number Answered
Your Score History
You have not taken this quiz